|
|
|
|
| LEADER |
01303nam a2200385Ia 4500 |
| 001 |
EBC267263 |
| 003 |
MiAaPQ |
| 005 |
20200520144314.0 |
| 006 |
m o d | |
| 007 |
cr cn||||||||| |
| 008 |
050118s2005 caua sb 001 0 eng d |
| 010 |
|
|
|z 2005920769
|
| 020 |
|
|
|z 0782150659
|
| 020 |
|
|
|z 078214411X
|
| 035 |
|
|
|a (MiAaPQ)EBC267263
|
| 035 |
|
|
|a (Au-PeEL)EBL267263
|
| 035 |
|
|
|a (CaPaEBR)ebr10131929
|
| 035 |
|
|
|a (CaONFJC)MIL52138
|
| 035 |
|
|
|a (OCoLC)475991803
|
| 040 |
|
|
|a MiAaPQ
|c MiAaPQ
|d MiAaPQ
|
| 050 |
|
4 |
|a HD61
|b .H377 2005
|
| 082 |
0 |
4 |
|a 658.15/5
|2 22
|
| 100 |
1 |
|
|a Heldman, Kim.
|
| 245 |
1 |
0 |
|a Project manager's spotlight on risk management
|h [electronic resource] /
|c Kim Heldman.
|
| 246 |
3 |
0 |
|a Risk management
|
| 260 |
|
|
|a San Francisco :
|b Harbor Light Press,
|c c2005.
|
| 300 |
|
|
|a xiv, 224 p. :
|b ill.
|
| 500 |
|
|
|a Includes index.
|
| 504 |
|
|
|a Includes glossary and index.
|
| 533 |
|
|
|a Electronic reproduction. Ann Arbor, MI : ProQuest, 2015. Available via World Wide Web. Access may be limited to ProQuest affiliated libraries.
|
| 650 |
|
0 |
|a Project management.
|
| 650 |
|
0 |
|a Risk management.
|
| 655 |
|
4 |
|a Electronic books.
|
| 710 |
2 |
|
|a ProQuest (Firm)
|
| 856 |
4 |
0 |
|u https://ebookcentral.proquest.com/lib/matrademy/detail.action?docID=267263
|z Click to View
|